我的吉普賽人生

資料類型: Book 圖書   書目號:43787

Leader xxxxxxxxxx
001 __ PCLIS00043787
005 __ 20220104132531.0
010 0_ |a978-957-445-421-1|b平裝|dNT$300
100 __ |a20111120d2011    m  y0chiy09      e
101 1_ |achi|ceng
102 __ |atw
105 __ |ay   z   000za
200 1_ |a我的吉普賽人生|f麥基.沃爾胥(Mikey Walsh)著|g舒靈譯
205 __ |a一版
210 __ |a臺北市|c書林出版|c紅螞蟻經銷|d2011[民100]
215 0_ |a269面|d21公分
225 2_ |a開放文庫|v3
454 __ |12001 |aGypsy boy|zeng
600 __ |2csh|a沃爾胥(Walsh, Mikey)
606 __ |2csh|a吉普賽人
606 __ |2csh|a傳記
681 __ |a536.91|b8634
700 _1 |a沃爾胥|c(Walsh, Mikey)|4702 _1 |a|b|4770 _1 |aWalsh, Mikey
801 _0 |atw|b內湖高中|c20111120|gCCR
詳細館藏(共 1 筆)
索 書 號登 錄 號冊次號館別 / 館藏地流通類型狀態加入預約清單電子資源
536.91 / 8634 1019071  圖書館 / 二樓普通區 可外借30天 在館   

| 條列資料




目錄查詢 分類查詢 個人資料 圖書薦購 新書查詢 閉館日 排行榜 更多電子資源 Hami書城 線上資料庫 登出

From : 216.73.217.14

  本日流通累計至 17:19:38 借閱 : 0 次 續借 : 0 次 歸還 : 0 次 預約 : 0 次 電子資源 : 0 次


內湖高中圖書館  PCLIS 版本  25.5.0.2